000 00495nam a22001812 4500
001 0000000477
005 20151217155801.0
008 070205s xx 000 0 eng d
040 _aKABU
_cKABU
050 0 _aDT449
_b.Z28C76
100 1 _aCrofton, R. H.
_@0000148684
245 1 0 _aZanzibar affairs 1914-1933 /
_cR. H. Crofton.
260 _aLondon :
_bF. Edwards,
_c1953.
300 _a161 p.
908 _a070205
950 _@1
999 _c12342
_d12342